000 00301nam a2200121Ia 4500
008 250327s9999 xx 000 0 und d
020 _a9780691011929
082 _bKUH
_aCQR
100 _aHAROLD W. KUHN
_934130
245 0 _aCLASSICS IN GAME THEORY
260 _bPRINCETON UNIVERSITY PRESS
942 _cBK
999 _c6812
_d6812